RWBY- Shipping Names - Statistics

General Stats
  • This quiz has been taken 535 times
  • The average score is 35 of 56
Answer Stats
Shipping Name Characters % Correct
Bumblebee Blake Belladonna
99%
White Rose Ruby Rose
99%
Weiss Schnee
99%
Yang Xiao Long
99%
ReNora Lie Ren
94%
Nora Valkyrie
94%
Arkos Jaune Arc
92%
Blake Belladonna
91%
Ladybug Ruby Rose
91%
Freezerburn Weiss Schnee
91%
Yang Xiao Long
91%
Pyrrha Nikos
90%
Star Students Pyrrha Nikos
81%
Sugar Rush Ruby Rose
79%
Black Licorice Blake Belladonna
77%
Weiss Schnee
77%
Vomit Boy Jaune Arc
75%
Nora Valkyrie
74%
Weiss Schnee
74%
Checkmate Blake Belladonna
72%
Victory Rose Ruby Rose
70%
Weiss Schnee
70%
Craterface Jaune Arc
65%
Ruby Rose
65%
Pyrrha Nikos
63%
Awkward Kitty Blake Belladonna
62%
Redheads Nora Valkyrie
62%
Frozen Lotus Weiss Schnee
61%
Snow Angel Jaune Arc
59%
Pyrrha Nikos
57%
Blake Belladonna
56%
Lie Ren
56%
Vikings Nora Valkyrie
56%
Yang Xiao Long
55%
Nordic Winter Weiss Schnee
54%
Sunflower Lie Ren
53%
Yang Xiao Long
53%
Shrouded Victory Blake Belladonna
51%
Nora Valkyrie
50%
Ruby Rose
50%
Enabler Yang Xiao Long
50%
Pyrrha Nikos
48%
Yang Xiao Long
47%
Library Lie Ren
46%
Nora Valkyrie
46%
Explosion Yang Xiao Long
44%
Nora Valkyrie
40%
Ruby Rose
40%
Jaune Arc
36%
Red Dragon Lie Ren
36%
Bombshell Babes Pyrrha Nikos
36%
Jaune Arc
35%
Aces Pyrrha Nikos
29%
Aces and Eights Lie Ren
27%
Jaune Arc
26%
Lie Ren
25%
No matching quizzes found
Score Distribution
Percent of People with Each Score
Percentile by Number Answered
Your Score History
You have not taken this quiz